000 00351 a2200157 4500
001 189020
020 _a
040 _cMagnum
100 _aAbramovay, Miriam
240 1 0 _aViolências nas escolas
_lpor
245 1 0 _aViolências nas escolas
300 _a88
362 0 _a2003
697 _aEDUCAÇÃO EM GERAL E DISCIPLINAS AFINS
942 _cBK
999 _c189020
_d189020